000 00663cam a22002411 4500
001 sa 65006608
003 DLC
005 20260227112143.0
008 890926s1963 xx 000 0 ind
010 _asa 65006608
035 _a(OCoLC)23541731
040 _aDLC
_cMiU
_dWU
_dOCoLC
_dDLC
042 _apremarc
050 0 0 _aBJ125.I5
_bB8
245 0 0 _aBuku ilmu kebatinan moderen:
_b"suara batin."
260 _aGombong,
_bSabdapalon
_c[cover 1963]
300 _a185 p.
_billus.
_c17 cm.
500 _aCover title: Suara batin, Sabdapalon.
650 0 _aEthics
_zIndonesia
650 0 _aMysticism
_xIslam.
740 0 _aSuara batin.
700 1 _aSunarto, R.
999 _c64742
_d64742